000 00795nas a2200253 4500
001 BR9211105
003 BR-BrBNA
005 20231205093432.0
007 ta
008 230509b bl.|||p| |||| 00| 00por d
040 _aBR-BrBNA
_bpor
_cBiblioteca Nacional de Agricultura
041 _a(En)
072 _aF40
100 1 _aCosta, C.S.B.
100 1 _aSeeliger, U.
100 1 _aCordazzo, C.V.
245 1 _aDistribution and fenology of Andropogon arenarius Hackel on coastal dunes of Rio Grande do Sul, Brazil
650 _aCAPIM ANDROPOGON
650 _aFENOLOGIA
650 _aRIO GRANDE DO SUL
773 0 _tRevista Brasileira de Biologia (Brazil)
_xISSN 0034-7108
_g(Aug 1988), v. 48(3) p. 527-536
_wBR9211105
909 _a202311
_bLúcia
_c55
_dLúcia Elande
942 _2AGRIS
_n0
_cANA
999 _c138314
_d138314